| 000 | 01100nam a2200325 ia4500 | ||
|---|---|---|---|
| 003 | OSt | ||
| 005 | 20260429153759.0 | ||
| 008 | 260429t20252025enka jrb 000 1 eng d | ||
| 020 |
_a9780192787651 _cRM 51.50 _qpaperback |
||
| 040 |
_aPPAK _beng _cPPAK _erda |
||
| 082 | 0 | 4 |
_223 _a823.92 |
| 090 | 0 | 0 |
_a823.92 _bHAR _dK |
| 100 | 1 |
_aHarrison, Paula, _eauthor. |
|
| 245 | 1 | 0 |
_aKitty and the Clifftop Peril / _cWritten by Paula Harrison ; Illustrated by Jenny Lovlie |
| 264 | 1 |
_a[England] : _bOxford University Press, _c2025 |
|
| 264 | 4 | _c©2025 | |
| 300 |
_a111 pages : _bcolour illustrations ; _c19 cm |
||
| 336 |
_atext _2rdacontent |
||
| 337 |
_aunmediated _2rdamedia |
||
| 338 |
_avolume _2rdacarrier |
||
| 490 | 1 | _aKitty | |
| 600 | 0 | 0 |
_a Kitty (Fictitious character from Harrison) _vJuvenile fiction. |
| 650 | 1 | 0 | _aChildren's stories, English |
| 650 | 2 | 0 |
_aCats _vJuvenile fiction |
| 650 | 2 | 0 |
_aSuperheroes _vJuvenile fiction |
| 650 | 2 | 0 |
_aFriendship _vJuvenile fiction |
| 700 | 1 |
_aLovlie, Jenny, _eillustrator. |
|
| 830 | 0 | _aKitty | |
| 942 |
_2ddc _cB |
||
| 999 |
_c204062 _d204062 |
||